| Tag |
First Indicator |
Second Indicator |
Subfields |
| LEADER |
00000cam a2200000 i 4500 |
| 001 |
in00000324939 |
| 005 |
20151011050632.0 |
| 008 |
780127s1977 maub 00010 eng |
| 010 |
|
|
|a 77090508
|
| 020 |
|
|
|a 0914086200 :
|c $3.50
|
| 035 |
|
|
|a (OCoLC)03600459
|
| 035 |
|
|
|9 ABK2700AM
|
| 040 |
|
|
|a DLC
|c DLC
|d TXA
|d UtOrBLW
|
| 049 |
|
|
|a TXAM
|c [1574783]
|
| 050 |
0 |
0 |
|a PS3573.H5
|b T3
|
| 082 |
0 |
|
|a 811/.5/4
|
| 100 |
1 |
|
|a Whitman, Ruth,
|d 1922-1999.
|
| 245 |
1 |
0 |
|a Tamsen Donner :
|b a woman's journey : [poem] /
|c by Ruth Whitman.
|
| 264 |
|
1 |
|a Cambridge, Mass. :
|b Alice James Books,
|c [1977]
|
| 264 |
|
4 |
|c ©1977
|
| 300 |
|
|
|a 75 pages :
|b map ;
|c 22 cm.
|
| 336 |
|
|
|a text
|b txt
|2 rdacontent
|
| 337 |
|
|
|a unmediated
|b n
|2 rdamedia
|
| 338 |
|
|
|a volume
|b nc
|2 rdacarrier
|
| 600 |
1 |
0 |
|a Donner, Tamsen,
|d 1801-1847
|x Poetry.
|
| 999 |
|
|
|a MARS
|
| 999 |
f |
f |
|s 04bc5fb8-0035-3357-814d-024f9d8a77f6
|i daf1bd01-3c3c-3211-9e90-e792613d00ce
|t 0
|
| 952 |
f |
f |
|p ric
|a Texas A&M University
|b Rellis Campus
|c Joint Library Facility
|d Remote Storage
|t 0
|e PS3573.H5 T3
|h Library of Congress classification
|i unmediated -- volume
|m A14804134874
|
| 998 |
f |
f |
|a PS3573.H5 T3
|t 0
|l Remote Storage
|